000 00292nam a22001217a 4500
999 _c160059
_d160059
082 _a
_b
100 _aVadmare P M
245 _aHindi bhasha evam hindi sahitya ka ithihas/
_cby Vadmare P M.
260 _aMathura:
_bJawahar Pustakalaya,
_c2013.
300 _a
650 _a
942 _cBK